| 000 | 00686nam a2200205Ia 4500 | ||
|---|---|---|---|
| 003 | GCL | ||
| 008 | 140319s9999 xx 000 0 ara d | ||
| 020 | _a5406209960 | ||
| 040 |
_aGCL / _cGCL |
||
| 082 | 0 | 4 |
_aط _b572.8845 _bص ا |
| 100 | 1 | _aصبرى الدمرداش | |
| 245 | 1 | 0 |
_aالاستنساخ قنبلة العصر : _bأول كتاب من نوعه في العالم العربى / _cصبرى الدمرداش |
| 260 |
_aالرياض : _bمكتبة العبيكان ، _c1997 |
||
| 300 |
_a138 ص ؛ _c22 سم |
||
| 490 | _a | ||
| 650 | 0 | 4 | _aالهندسة الوراثية |
| 650 | 0 | 4 | _aالاستنساخ |
| 650 | 0 | 4 | _aالهندسة الحيوية |
| 942 |
_2ddc _cBK |
||
| 999 |
_c44678 _d44678 |
||